<?xml version="1.0" encoding="UTF-8"?>
<record
    xmlns:xsi="http://www.w3.org/2001/XMLSchema-instance"
    xsi:schemaLocation="http://www.loc.gov/MARC21/slim http://www.loc.gov/standards/marcxml/schema/MARC21slim.xsd"
    xmlns="http://www.loc.gov/MARC21/slim">

  <leader>02007    a2200229   4500</leader>
  <controlfield tag="001">49338</controlfield>
  <controlfield tag="005">20260407155756.0</controlfield>
  <controlfield tag="008">260407a2010    arg                 spa d</controlfield>
  <controlfield tag="003">AR-UNSa-BCEJYS</controlfield>
  <datafield tag="040" ind1=" " ind2=" ">
    <subfield code="a">AR-UNSa-BCEJYS</subfield>
    <subfield code="b">spa</subfield>
    <subfield code="c">AR-UNSa-BCEJYS</subfield>
  </datafield>
  <datafield tag="080" ind1=" " ind2=" ">
    <subfield code="a">347.737</subfield>
    <subfield code="x">Garant&#xED;as autoliquidables</subfield>
  </datafield>
  <datafield tag="245" ind1="1" ind2="0">
    <subfield code="a">Las garant&#xED;as autoliquidables</subfield>
  </datafield>
  <datafield tag="020" ind1=" " ind2=" ">
    <subfield code="a">978-987-30-0103-1</subfield>
  </datafield>
  <datafield tag="264" ind1=" " ind2="1">
    <subfield code="a">Santa Fe :</subfield>
    <subfield code="b">Rubinzal-Culzoni Editores</subfield>
    <subfield code="c">2010</subfield>
  </datafield>
  <datafield tag="300" ind1=" " ind2=" ">
    <subfield code="a">594 p.</subfield>
    <subfield code="c">22 cm.</subfield>
  </datafield>
  <datafield tag="505" ind1=" " ind2=" ">
    <subfield code="a">1. Preliminares: Precisi&#xF3;n terminol&#xF3;gica - 2. Antecedentes hist&#xF3;ricos: Razones que impulsaron al legislador y a los operadores econ&#xF3;micos a aceptar e incorporar las garant&#xED;as autoliquidables al ordenamiento jur&#xED;dico y tr&#xE1;fico negocial - 3. El proceso jurisdiccional como estructura que sirve de base para la ejecuci&#xF3;n patrimonial del deudor - 4. Aspectos que caracterizan a las garant&#xED;as autoliquidables como especie alternativa de ejecuci&#xF3;n patrimonial. Potestades autoliquidativas que tiene el acreedor sobre el patrimonio del garante. Eficacia jur&#xED;gena del principio de la autonom&#xED;a voluntad en la creaci&#xF3;n y regulaci&#xF3;n de estas garant&#xED;as - 5. Responsabilidad civil por los perjuicios producidos por el uso abusivo de las garant&#xED;as autoejecutables. Mecanismos o instrumentos existentes en las diversas especies de estas garant&#xED;as para prevenir la producci&#xF3;n de da&#xF1;os antijur&#xED;dicos al deudor con motivo de su utilizaci&#xF3;n - 6. Proceso concursal y garant&#xED;as autoliquidables - 7. An&#xE1;lisis de la doctrina, jurisprudencia y legislaci&#xF3;n extranjeras, con el fin de conocer el estado actual de las garant&#xED;as autoejecutables en otros pa&#xED;ses - 8. Las garant&#xED;as autoliquidables como medios de ejecuci&#xF3;n patrimonial. Estudio comparativo con las garant&#xED;as ejecutables judicialmente.  </subfield>
  </datafield>
  <datafield tag="041" ind1=" " ind2=" ">
    <subfield code="a">spa</subfield>
  </datafield>
  <datafield tag="942" ind1=" " ind2=" ">
    <subfield code="c">BK</subfield>
  </datafield>
  <datafield tag="590" ind1=" " ind2=" ">
    <subfield code="a">niveau_biblio:m niveau_hierar:0</subfield>
  </datafield>
  <datafield tag="100" ind1="1" ind2=" ">
    <subfield code="a">Boretto, Mauricio</subfield>
  </datafield>
  <datafield tag="856" ind1="4" ind2="1">
    <subfield code="u">https://www.biblioeco.unsa.edu.ar/pmb/images/libros/L128015.jpg</subfield>
    <subfield code="y">Imagen de portada</subfield>
    <subfield code="q">image/jpeg</subfield>
  </datafield>
  <datafield tag="999" ind1=" " ind2=" ">
    <subfield code="c">4809</subfield>
    <subfield code="d">4809</subfield>
  </datafield>
  <datafield tag="952" ind1=" " ind2=" ">
    <subfield code="0">0</subfield>
    <subfield code="1">0</subfield>
    <subfield code="4">0</subfield>
    <subfield code="7">0</subfield>
    <subfield code="a">BCEJYS</subfield>
    <subfield code="b">BCEJYS</subfield>
    <subfield code="c">16</subfield>
    <subfield code="d">2026-04-07</subfield>
    <subfield code="l">0</subfield>
    <subfield code="o">347.737 B731</subfield>
    <subfield code="p">L128015</subfield>
    <subfield code="r">2026-04-07 15:57:56</subfield>
    <subfield code="w">2026-04-07</subfield>
    <subfield code="y">L</subfield>
  </datafield>
</record>
